| 000 | 00000nam 2200000za 4500 |
| 001 | 9.829065 |
| 003 | CaOODSP |
| 005 | 20221107145209 |
| 007 | cr ||||||||||| |
| 008 | 170130s2016 onc o f000 0 fre d |
| 020 | |a978-0-660-07051-3 |
| 040 | |aCaOODSP|bfre |
| 043 | |an-cn--- |
| 086 | 1 |aH164-200/2016F-PDF |
| 245 | 00|aÉtiquetage nutritionnel – répertoire des modèles de tableaux de la valeur nutritive |h[ressource électronique]. |
| 260 | |aOttawa : |bSanté Canada, |c2016. |
| 300 | |a80 p. |
| 500 | |aPubl. aussi en anglais sous le titre : Nutrition labelling – directory of nutrition facts table formats. |
| 500 | |aTitre de la couv. |
| 692 | 07|2gccst|aÉtiquetage des aliments |
| 710 | 1 |aCanada. |bSanté Canada. |
| 775 | 08|tNutrition labelling - directory of nutrition facts table formats |w(CaOODSP)9.829064 |
| 856 | 40|qPDF|s484 Ko|uhttps://publications.gc.ca/collections/collection_2017/sc-hc/H164-200-2016-fra.pdf |
| 986 | |a160263 |